000 004430000a22001810004500
003 MACL
005 20150918105743.0
008 150918b xxu||||| |||| 00| 0 eng d
040 _aMACL
_cMACL
041 _aEnglish
082 _a824/SIN
100 _aMohnot, Dr S R
_911694
245 _aTowards a New Global Order
260 _bHar-Anand Publications
_c1993
_aNew Delhi
350 _a595
650 _aEssays
_911695
942 _cBK
_k824
_2ddc
999 _c4730
_d4730